000 00665nam a2200217 a 4500
001 BRCA_3933
005 20190320204500.0
008 110110s1934----mx-a######---#000-0#eng-#
041 _aeng
044 _amx
050 4 _aF1230
_b.C67 1934
100 1 _aCortés, Hernando
_d1485-1547.
_910235
245 1 0 _aThe last will and testament of Hernando Cortes, Marques del Valle
_ba facsimile an by G.R.G. Conway.
260 _aMéxico
_bEdición privada
_c1939
300 _a73 p.
_bil.
_c31 cm.
500 _aC84
600 1 4 _aCortés, Hernando
_d1485-1547
_eTestamento
_910235
700 1 _aConway, George Robert Graham
_eed.
_910236
902 _aGFM
942 _2lcc
_cB
999 _c3660
_d3660